| 000 | 00361nam a2200121Ia 4500 | ||
|---|---|---|---|
| 008 | 210430s9999 xx 000 0 und d | ||
| 082 | _a532.004 A617 A | ||
| 100 | _aFluent inc. | ||
| 245 |
_aLicense Installation Guide for Fluent SOFTWARE lICENSE mANAGER 10.8 _cFluent inc. |
||
| 260 |
_aCOPE _bPathscale Corporation _c2007 |
||
| 300 | _a7-1p | ||
| 942 |
_cBK _2ddc |
||
| 999 |
_c562957 _d562957 |
||